| 000 | 00800nam a2200241 i 4500 | ||
|---|---|---|---|
| 001 | 19106 | ||
| 003 | ES-MaACL | ||
| 005 | 20250702211052.0 | ||
| 007 | t| | ||
| 008 | 020517s2000 mx ||||1| spa d | ||
| 020 | _a968-16-2578-1 | ||
| 080 | _a39(44)"17" | ||
| 100 | 1 |
_aDarnton, Robert. _942744 |
|
| 245 | 1 | 3 |
_aLa gran matanza de gatos y otros episodios en la historia de la cultura francesa / _cRobert Darnton. |
| 250 | _a1ª ed. en español, 2ª reimp. | ||
| 260 |
_aMéxico : _bFondo de Cultura Económica, _c2000. |
||
| 300 |
_a269 p., [16] h. de lám. ; _c21 cm. |
||
| 490 | 1 | _aSección de obras de historia | |
| 651 | 7 |
_aFrancia- _xUsos y costumbres _2 _9137186 |
|
| 830 | 0 |
_aSección de obras de historia _9179403 |
|
| 852 |
_aES-MaACL _jL-25513 _bR.130693 |
||
| 999 |
_c19106 _d19106 |
||